000
00252nam a22001097a 4500
082
_a
621.381 EGG'I
100
_a
EGGLETON, C. W
_9
77770
245
_a
INDUSTRIAL ELECTRONICS TEACH YOURSEL
260
_a
LONDON
_b
EUP
_c
1969
300
_a
184P
942
_c
BK
999
_c
582989
_d
582989